| 000 | 00352nam a2200133Ia 4500 | ||
|---|---|---|---|
| 008 | 150202s9999 xx 000 0 und d | ||
| 020 | _a895311275 | ||
| 050 |
_aFIC _bFIC |
||
| 100 | _aNewcomb, Norma. | ||
| 245 |
_aEve's hour / _cNorma Newcomb. |
||
| 260 |
_aNew York : _bSharon Romance, _c1983. |
||
| 300 |
_a220 pages : _c18 cm. |
||
| 650 | _aFiction. | ||
| 999 |
_c282289 _d282289 |
||